| 000 | 00397nam a2200169Ia 4500 | ||
|---|---|---|---|
| 001 | 7056 | ||
| 008 | 140321s9999 xx 000 0 und d | ||
| 020 | _a981-218-036-2 | ||
| 040 | _cPK-LaUMT | ||
| 082 |
_a 294.3 _bENC- |
||
| 100 | _aDhammika, Shravasti, Ed. | ||
| 245 |
_aEncounters with buddhism _cDhammika, Shravasti, Ed. |
||
| 260 | _c1991 | ||
| 300 | _a141 p. | ||
| 546 | _aEN | ||
| 942 | _cBK | ||
| 999 |
_c8534 _d8534 |
||